[Event "Caribbean-ch U16"]
[Site "San Salvador"]
[Date "2021.11.27"]
[Round "8"]
[White "Molina Hun, Hieysson"]
[Black "Barahona, Dalila Yamileth"]
[Result "1-0"]
[WhiteElo "1506"]
[BlackElo "1659"]
[PlyCount "153"]
[EventDate "2021.11.27"]
[EventType "swiss"]
[EventRounds "9"]
[EventCountry "ESA"]
[SourceTitle "EXT 2023"]
[Source "ChessBase"]
[SourceDate "2022.10.05"]
[SourceVersion "1"]
[SourceVersionDate "2022.10.05"]
[SourceQuality "1"]
[WhiteTeam "Guatemala"]
[BlackTeam "El Salvador"]
[WhiteTeamCountry "GUA"]
[BlackTeamCountry "ESA"]

1. d4 Nf6 2. Nf3 g6 3. g3 Bg7 4. Bg2 0-0 5. 0-0 d6 6. c4 Nbd7 7. Nc3 e5 8. Re1 Re8 9. h3 c6 10. e4 exd4 11. Nxd4 Nb6 12. b3 d5 13. cxd5 cxd5 14. exd5 Rxe1+ 15. Qxe1 Nfxd5 16. Nxd5 Bxd4 17. Bh6 Nxd5 18. Rd1 Bxh3 19. Rxd4 Bxg2 20. Kxg2 Qd6 21. Kh2 Rd8 22. Qa5 b6 23. Qxa7 Qf6 24. Rd2 g5 25. Kg1 Qxh6 26. Rxd5 Qf6 27. Rxd8+ Qxd8 28. Qb7 g4 29. Qe4 Qg5 30. a4 h5 31. Qd4 Qc1+ 32. Kg2 Qc6+ 33. Kh2 Kh7 34. b4 Kg6 35. a5 bxa5 36. bxa5 Qf3 37. a6 h4 38. gxh4 g3+ 39. fxg3 Qe2+ 40. Kg1 Qe1+ 41. Kg2 Qe2+ 42. Qf2 Qxa6 43. g4 Qc6+ 44. Qf3 Qc2+ 45. Kh3 f6 46. h5+ Kg7 47. Qe3 Qd1 48. Qe7+ Kg8 49. Qe8+ Kh7 50. Qf7+ Kh8 51. Qxf6+ Kg8 52. Kh4 Qh1+ 53. Kg5 Qc1+ 54. Qf4 Qc5+ 55. Kh4 Qc3 56. h6 Qe1+ 57. Kg5 Qa5+ 58. Qf5 Qd2+ 59. Qf4 Qd5+ 60. Kg6 Qe6+ 61. Kh5 Qe8+ 62. Kg5 Qd8+ 63. Qf6 Qd2+ 64. Kh5 Qh2+ 65. Qh4 Qc7 66. Qg5+ Kh8 67. Qg7+ Qxg7 68. hxg7+ Kxg7 69. Kg5 Kh7 70. Kf6 Kg8 71. Kg6 Kh8 72. Kh6 Kg8 73. Kg6 Kh8 74. Kf6 Kh7 75. g5 Kg8 76. Kg6 Kh8 77. Kf7 1-0

[Event "Caribbean-ch U16"]
[Site "San Salvador"]
[Date "2021.11.27"]
[Round "4"]
[White "Villalta, Camilo1111"]
[Black "Molina Hun, Hieysson"]
[Result "0-1"]
[WhiteElo "1631"]
[BlackElo "1506"]
[PlyCount "78"]
[EventDate "2021.11.27"]
[EventType "swiss"]
[EventRounds "9"]
[EventCountry "ESA"]
[SourceTitle "EXT 2023"]
[Source "ChessBase"]
[SourceDate "2022.10.05"]
[SourceVersion "1"]
[SourceVersionDate "2022.10.05"]
[SourceQuality "1"]
[WhiteTeam "El Salvador"]
[BlackTeam "Guatemala"]
[WhiteTeamCountry "ESA"]
[BlackTeamCountry "GUA"]

1. e4 e6 2. d4 d5 3. e5 c5 4. c3 Nc6 5. Nf3 Qb6 6. Na3 cxd4 7. cxd4 Bd7 8. Nc2 Rc8 9. Bd3 h6 10. 0-0 Nge7 11. Rb1 a5 12. Re1 Nb4 13. Nxb4 axb4 14. b3 Nc6 15. Be3 Na7 16. Rc1 Rxc1 17. Bxc1 Bb5 18. Bb1 Be7 19. Bb2 Kd7 20. Qd2 Rc8 21. g4 Ba6 22. g5 hxg5 23. Nxg5 Rf8 24. f4 g6 25. Re3 Nc6 26. Rh3 Bxg5 27. fxg5 Nxe5 28. Qf4 Nc6 29. Rh7 Ke8 30. h4 Ne7 31. h5 gxh5 32. g6 fxg6 33. Qg5 Qd6 34. Bxg6+ Nxg6 35. Qxg6+ Kd8 36. Rxh5 Qf4 37. Qg5+ Qxg5+ 38. Rxg5 Rf1+ 39. Kg2 Rb1 0-1

[Event "Online Olym Div2 E"]
[Site "Chess.com INT"]
[Date "2021.09.03"]
[Round "6.3"]
[White "Melian, Juan Sebastian"]
[Black "Molina Hun, Hieysson"]
[Result "1-0"]
[WhiteElo "1978"]
[BlackElo "1506"]
[PlyCount "61"]
[EventDate "2021.09.02"]
[EventType "team (rapid)"]
[EventRounds "9"]
[EventCountry "USA"]
[SourceTitle "CBM 204 Extra"]
[Source "ChessBase"]
[SourceDate "2021.11.30"]
[SourceVersion "1"]
[SourceVersionDate "2021.11.30"]
[SourceQuality "1"]
[WhiteTeam "Paraguay"]
[BlackTeam "Guatemala"]
[WhiteTeamCountry "PAR"]
[BlackTeamCountry "GUA"]

1. d4 d5 2. Nf3 Nf6 3. c3 e6 4. Bg5 Bd6 5. e3 Nbd7 6. Bd3 c6 7. Nbd2 Qc7 8. Qe2 0-0 9. e4 e5 10. dxe5 Bxe5 11. Nxe5 Qxe5 12. f4 Qc7 13. e5 Re8 14. 0-0-0 Ne4 15. Nxe4 dxe4 16. Qxe4 g6 17. h4 Nc5 18. Qf3 Nxd3+ 19. Rxd3 Bf5 20. Rd4 h5 21. Rhd1 Qa5 22. a3 c5 23. Rd6 Qa4 24. R1d2 Qb3 25. Rf6 Bg4 26. Qe4 Kg7 27. Rd7 Rf8 28. Qxg6+ Kh8 29. Qh6+ Kg8 30. Rg6+ fxg6 31. Qg7# 1-0

[Event "Pan American-ch U14"]
[Site "Guayaquil"]
[Date "2019.07.24"]
[Round "6"]
[White "Modi, Ethan"]
[Black "Molina Hun, Hieysson"]
[Result "1-0"]
[WhiteElo "1787"]
[BlackElo "1459"]
[PlyCount "53"]
[EventDate "2019.07.21"]
[EventType "swiss"]
[EventRounds "9"]
[EventCountry "ECU"]
[SourceTitle "EXT 2020"]
[Source "ChessBase"]
[SourceDate "2019.10.17"]
[SourceVersion "1"]
[SourceVersionDate "2019.10.17"]
[SourceQuality "1"]

1. d4 Nf6 2. c4 c6 3. Nf3 d5 4. cxd5 cxd5 5. Nc3 Nc6 6. Bf4 Bf5 7. e3 a6 8. Ne5 e6 9. Be2 Bd6 10. g4 Be4 11. f3 Bg6 12. h4 h5 13. g5 Bxe5 14. Bxe5 Nxe5 15. gxf6 Nd7 16. fxg7 Rg8 17. f4 Nf6 18. Qb3 Rb8 19. Qa4+ Nd7 20. Kd2 Rxg7 21. Rag1 Rh7 22. f5 exf5 23. Nxd5 Kf8 24. Qa3+ Kg7 25. Ne7 Kh6 26. Qd6 Rg7 27. Nxf5+ 1-0

[Event "Pan American-ch U14"]
[Site "Guayaquil"]
[Date "2019.07.21"]
[Round "1"]
[White "Molina Hun, Hieysson"]
[Black "Flores Quillas, Diego Saul Rodrigo"]
[Result "0-1"]
[WhiteElo "1459"]
[BlackElo "2163"]
[PlyCount "68"]
[EventDate "2019.07.21"]
[EventType "swiss"]
[EventRounds "9"]
[EventCountry "ECU"]
[SourceTitle "EXT 2020"]
[Source "ChessBase"]
[SourceDate "2019.10.17"]
[SourceVersion "1"]
[SourceVersionDate "2019.10.17"]
[SourceQuality "1"]

1. d4 Nf6 2. Bf4 d5 3. Nf3 c5 4. e3 Nc6 5. c3 Qb6 6. Na3 c4 7. Qc1 Bf5 8. Be2 e6 9. 0-0 Bxa3 10. bxa3 h6 11. Ne5 0-0 12. f3 Nxe5 13. Bxe5 Nd7 14. Bg3 Rfc8 15. Qd2 Rc6 16. e4 dxe4 17. fxe4 Bxe4 18. Qf4 Bg6 19. Kh1 Nf6 20. Bf3 Nd5 21. Qc1 Rd8 22. h4 Rcc8 23. h5 Bd3 24. Rg1 Qa5 25. Be1 Rd6 26. g4 f6 27. Bd2 Rc7 28. Bxd5 Qxd5+ 29. Kh2 e5 30. Qe1 Re7 31. Bf4 exf4 32. Qxe7 Re6 33. Qc7 Re2+ 34. Kh3 Qf3+ 0-1